| 000 | 01138cam a22003612 4500 | ||
|---|---|---|---|
| 001 | 29966 | ||
| 003 | BD-RjUL | ||
| 005 | 20211209051505.0 | ||
| 008 | 140408s1955 enk b 001 0 eng | ||
| 020 | _a0192611305 | ||
| 035 | _a(BD-RjUL)30051 | ||
| 040 |
_aDLC _cDLC _dYSM _dMCL _dEQO _dBD-RjUL _beng |
||
| 041 | _aeng | ||
| 082 |
_a618.9289 _bBUS 1955 |
||
| 096 | _aWS 107 B973s 1977 | ||
| 100 | 1 |
_aBurt, Cyril, _d1883-1971. _916208 |
|
| 245 | 1 | 4 |
_aThe subnormal mind / _cby Sir Cyril Burt. |
| 250 | _a3rd ed. | ||
| 260 |
_aOxford ; _aNew York : _bOxford University Press, _c1955. |
||
| 300 |
_axxxiii, 391 p. ; _c23 cm. |
||
| 490 | 1 |
_aUniversity of London, Heath Clark lectures ; _v1933 |
|
| 504 | _aIncludes Bibliography: p. 381-383 and index. | ||
| 650 | 0 |
_aMentally ill children. _990288 |
|
| 650 | 0 |
_aChildren with mental disabilities. _991179 |
|
| 650 | 2 |
_aChild, Exceptional _991180 |
|
| 650 | 2 |
_aJuvenile Delinquency _991181 |
|
| 650 | 2 |
_aNeurotic Disorders. _988971 |
|
| 830 | 0 |
_v1933. _991188 |
|
| 830 | 0 |
_aHeath Clark lectures ; _991189 |
|
| 942 |
_2ddc _cBK |
||
| 999 |
_c29966 _d29966 |
||